00442nam a2200145 i 4500001000700000003000900007005001700016008004100033080002000074100003600094245005400130260004200184300002100226852004900247180520ES-MaACL20230906221123.0120611s1853 fr |||| | fre d a821.133.1-4"18"1 aBalzac, Honoré de,d1799-185010aTraité de la vie élégante / cH. de Balzac. aParis : bLibrairie Nouvelle, c1853. a95 p. ; c15 cm. aES-MaACLjD-4007 z.- Legado M. de la Fuente